AU LIBRARIES
Centralized Library System Across Seven Campuses

Advancing Human Resource Project Management (Record no. 47353)

MARC details
000 -LEADER
fixed length control field 00608nam a22001817a 4500
005 - DATE AND TIME OF LATEST TRANSACTION
control field 20260420153319.0
008 - FIXED-LENGTH DATA ELEMENTS--GENERAL INFORMATION
fixed length control field 260420b |||||||| |||| 00| 0 eng d
020 ## - INTERNATIONAL STANDARD BOOK NUMBER
ISBN 978-1118458037
082 ## - DEWEY DECIMAL CLASSIFICATION NUMBER
Classification number 658.3
Author Mark KLI-A
100 ## - MAIN ENTRY--AUTHOR
Author Name Klimoski , Richard J. (Editor)
-- Beverly Dugan (Editor)
-- Carla Messikomer (Editor)
-- Francois Chiocchio (Editor)
245 ## - TITLE STATEMENT
Title Advancing Human Resource Project Management
260 ## - PUBLICATION, DISTRIBUTION, ETC.
Place of Publication Fransisco CA.
Name of publisher, distributor, etc. Pfeiffer
Date of publication, distribution, etc. 2014
300 ## - PHYSICAL DESCRIPTION
Pages 590 p.
490 ## - SERIES STATEMENT
Series Statement The Professional Practice Series
500 ## - GENERAL NOTE
General note Includes Index.
650 ## - SUBJECT ADDED ENTRY--TOPICAL TERM
Subject / Department Human Resources & Personnel Management
942 ## - ADDED ENTRY ELEMENTS (KOHA)
Koha item type Book
Holdings
Withdrawn status Lost status Damaged status Not for loan Collection code Permanent Location Current Location Shelving Location Date acquired Source of acquisition Price Inventory number Total Checkouts Full Call Number Accession No./Barcode Date last seen Koha item type
        HRM Air University Kharian Campus Library Air University Kharian Campus Library Management Science 04/09/2026 Ali Book Services 3364.00 KA/10221   658.3 KLI-A AUKHP0582 04/20/2026 Book
Air University Sector E-9, Islamabad Pakistan
Email: librarian@au.edu.pk  Tel : +0092 51 9262612 Ext: 631